Green Fashion Volume 1 /

This book deals with the important aspects of green fashion including Animal Welfare in Ethical Fashion, Sustainable Processing of Textiles, Sustainable design case studies, Wool Composting, Consumer behaviour in sustainable clothing market, industrial case studies related to green fashion, etc.

Bibliographic Details
Corporate Author: SpringerLink (Online service)
Other Authors: Muthu, Subramanian Senthilkannan (Editor), Gardetti, Miguel Angel (Editor)
Format: Electronic eBook
Language:English
Published: Singapore : Springer Singapore : Imprint: Springer, 2016.
Series:Environmental Footprints and Eco-design of Products and Processes,
Subjects:
Online Access:Full Text via HEAL-Link
LEADER 02616nam a22005655i 4500
001 978-981-10-0111-6
003 DE-He213
005 20170705104529.0
007 cr nn 008mamaa
008 151230s2016 si | s |||| 0|eng d
020 |a 9789811001116  |9 978-981-10-0111-6 
024 7 |a 10.1007/978-981-10-0111-6  |2 doi 
040 |d GrThAP 
050 4 |a GE195-199 
050 4 |a GE196 
072 7 |a RNU  |2 bicssc 
072 7 |a SCI026000  |2 bisacsh 
082 0 4 |a 338.927  |2 23 
245 1 0 |a Green Fashion  |h [electronic resource] :  |b Volume 1 /  |c edited by Subramanian Senthilkannan Muthu, Miguel Angel Gardetti. 
264 1 |a Singapore :  |b Springer Singapore :  |b Imprint: Springer,  |c 2016. 
300 |a VII, 252 p. 56 illus. in color.  |b online resource. 
336 |a text  |b txt  |2 rdacontent 
337 |a computer  |b c  |2 rdamedia 
338 |a online resource  |b cr  |2 rdacarrier 
347 |a text file  |b PDF  |2 rda 
490 1 |a Environmental Footprints and Eco-design of Products and Processes,  |x 2345-7651 
505 0 |a Implications of Green in fashion sector -- Raw Materials -- Advanced manufacturing technologies -- Water -- Energy -- Chemistry -- Environmental footprints -- Assessments -- Waste Management -- Slow and Fast fashion -- Consumer behaviour (or relations between brands or companies with the consumer). 
520 |a This book deals with the important aspects of green fashion including Animal Welfare in Ethical Fashion, Sustainable Processing of Textiles, Sustainable design case studies, Wool Composting, Consumer behaviour in sustainable clothing market, industrial case studies related to green fashion, etc. 
650 0 |a Environment. 
650 0 |a Production management. 
650 0 |a Textile industry. 
650 0 |a Industrial engineering. 
650 0 |a Production engineering. 
650 0 |a Environmental management. 
650 0 |a Sustainable development. 
650 1 4 |a Environment. 
650 2 4 |a Sustainable Development. 
650 2 4 |a Textile Engineering. 
650 2 4 |a Operations Management. 
650 2 4 |a Industrial and Production Engineering. 
650 2 4 |a Environmental Management. 
700 1 |a Muthu, Subramanian Senthilkannan.  |e editor. 
700 1 |a Gardetti, Miguel Angel.  |e editor. 
710 2 |a SpringerLink (Online service) 
773 0 |t Springer eBooks 
776 0 8 |i Printed edition:  |z 9789811001093 
830 0 |a Environmental Footprints and Eco-design of Products and Processes,  |x 2345-7651 
856 4 0 |u http://dx.doi.org/10.1007/978-981-10-0111-6  |z Full Text via HEAL-Link 
912 |a ZDB-2-EES 
950 |a Earth and Environmental Science (Springer-11646)